English teaching study unit based on Washington Irving's the legand of sleepy Hollow and Rip Van Winkle (Record no. 1038600)

MARC details
000 -LEADER
fixed length control field 00788nam a2200241Ia 4500
003 - CONTROL NUMBER IDENTIFIER
control field OSt
005 - DATE AND TIME OF LATEST TRANSACTION
control field 20221005120626.0
008 - FIXED-LENGTH DATA ELEMENTS--GENERAL INFORMATION
fixed length control field 221004b |||||||| |||| 00| 0 eng d
037 ## - SOURCE OF ACQUISITION
Terms of availability Textual
040 ## - CATALOGING SOURCE
Original cataloging agency CRL
Transcribing agency CRL
Language of cataloging eng
041 ## - LANGUAGE CODE
Source of code eng
Language code of text/sound track or separate title eng
110 ## - MAIN ENTRY--CORPORATE NAME
Corporate name or jurisdiction name as entry element ENGLISH Teaching division, United states Information Agency(Washington)
9 (RLIN) 629421
245 #0 - TITLE STATEMENT
Title English teaching study unit based on Washington Irving's the legand of sleepy Hollow and Rip Van Winkle
260 ## - PUBLICATION, DISTRIBUTION, ETC.
Date of publication, distribution, etc. 1964
650 ## - SUBJECT ADDED ENTRY--TOPICAL TERM
Topical term or geographic name entry element EDUCATION
700 ## - ADDED ENTRY--PERSONAL NAME
Personal name ENGLISH Teaching division, United states Information Agency(Washington)
9 (RLIN) 629422
942 ## - ADDED ENTRY ELEMENTS (KOHA)
Classification part T25:3:P111:1, K4
Koha item type Textual
Source of classification or shelving scheme
Holdings
Withdrawn status Lost status Damaged status Not for loan Home library Current library Date acquired Total Checkouts Full call number Barcode Date last seen Price effective from Koha item type
        Central Library Central Library 2022-10-05   T25:3:P111:1 K4 CL0201973 2022-10-05 2022-10-05 Textual
Copyright @ Delhi University Library System